000 00403nam a22001697a 4500
005 20160523111212.0
008 160523b xxu||||| |||| 00| 0 eng d
020 _a81-229-0000-3
041 _aeng
082 _b4182
100 _aAlbarran / Alan B
_91036
245 _aMedia Economics
260 _aNew Delhi
_bAcademic Faundation
_c2003
300 _a208
650 _aManagement
_9241
942 _cBK
999 _c1409
_d1409